L'impact micro-économique du crédit rural au Cambodge = The micro-economic impact of rural credit in Cambodia / (Record no. 13469)
[ view plain ]
| 000 -LEADER | |
|---|---|
| fixed length control field | 00642cam a22002054a 4500 |
| 020 ## - INTERNATIONAL STANDARD BOOK NUMBER | |
| ISBN | 286844086X |
| 040 ## - CATALOGING SOURCE | |
| Transcribing agency | DLC |
| 082 ## - DEWEY DECIMAL CLASSIFICATION NUMBER | |
| Classification number | 330 GRE 1997 A014 Or. |
| 245 02 - TITLE STATEMENT | |
| Title | L'impact micro-économique du crédit rural au Cambodge = The micro-economic impact of rural credit in Cambodia / |
| 246 31 - VARYING FORM OF TITLE | |
| Title proper/short title | Micro-economic impact of rural credit in Cambodia |
| 260 ## - PUBLICATION, DISTRIBUTION, ETC. (IMPRINT) | |
| Place of publication | Paris : |
| Name of publisher | GRET, |
| Year of publication | 1997. |
| 300 ## - PHYSICAL DESCRIPTION | |
| Number of Pages | 64, 64 p. : |
| Other physical details | ill. (some col.) ; |
| Dimensions | 30 cm. |
| 490 1# - SERIES STATEMENT | |
| Series statement | Collection Etudes et travaux |
| 650 #0 - SUBJECT ADDED ENTRY--TOPICAL TERM | |
| Topical Term | Rural credit |
| 650 #0 - SUBJECT ADDED ENTRY--TOPICAL TERM | |
| Topical Term | Rural credit |
| 650 #0 - SUBJECT ADDED ENTRY--TOPICAL TERM | |
| Topical Term | Microfinance |
| 650 #0 - SUBJECT ADDED ENTRY--TOPICAL TERM | |
| Topical Term | Microfinance |
| 700 1# - ADDED ENTRY--PERSONAL NAME | |
| Personal name | Bousso, Pascal. |
| 942 ## - ADDED ENTRY ELEMENTS (KOHA) | |
| Koha item type | សៀវភៅភាសាអង់គ្លេស |
| 952 ## - LOCATION AND ITEM INFORMATION (KOHA) | |
| Withdrawn status [LOCAL, KOHA] | 0 |
| Permanent Location | Date acquired | Koha item type | Lost status | Shelving location | Barcode | Current Location | Full call number |
|---|---|---|---|---|---|---|---|
| Library Block A | 2017-08-26 | សៀវភៅភាសាអង់គ្លេស | A014 | A20227 | Library Block A | 330 GRE 1997 A014 Or. |